UBT Library

BAUMOL W (Record no. 58589)

000 -LEADER
fixed length control field 00303nam a22001457a 4500
008 - FIXED-LENGTH DATA ELEMENTS--GENERAL INFORMATION
fixed length control field 221017b ||||| |||| 00| 0 eng d
020 ## - INTERNATIONAL STANDARD BOOK NUMBER
International Standard Book Number 9780030355028
041 ## - LANGUAGE CODE
Language code of text/sound track or separate title eng
080 ## - UNIVERSAL DECIMAL CLASSIFICATION NUMBER
Edition identifier NINTH EDITION
Universal Decimal Classification number 330
082 ## - DEWEY DECIMAL CLASSIFICATION NUMBER
Classification number 330
100 ## - Rafti
Rafti 23.1
101 ## - Shkurtesa
Shkurtesa ECO
245 ## - TITLE STATEMENT
Title BAUMOL W
942 ## - ADDED ENTRY ELEMENTS (KOHA)
Source of classification or shelving scheme
Item type Books
Holdings
Withdrawn status Lost status Source of classification or shelving scheme Damaged status Not for loan Collection code Permanent location Current location Date acquired Total Checkouts Full call number Barcode Date last seen Price effective from Koha item type
          Koleksioni i përgjithshem UBT - Lipjan UBT - Lipjan 10/17/2022   330BAU 002-800028700260186 10/17/2022 10/17/2022 Books
          Koleksioni i përgjithshem UBT - Lipjan UBT - Lipjan 10/17/2022   330.101 WISH 002-800028700260187 10/17/2022 10/17/2022 Books
UBT Library © 2015-2024. All rights reserved University Education for Business and Technology